[Event "BEL-ch U16"]
[Site "Blankenberge"]
[Date "2017.04.12"]
[Round "6"]
[White "De Waele, Warre"]
[Black "Van Malder, Klaus"]
[Result "1-0"]
[WhiteElo "2025"]
[BlackElo "1784"]
[PlyCount "151"]
[EventDate "2017.04.09"]
[EventType "swiss"]
[EventRounds "9"]
[EventCountry "BEL"]
[SourceTitle "CBM 178 Extra"]
[Source "ChessBase"]
[SourceDate "2017.06.22"]
[SourceVersion "1"]
[SourceVersionDate "2017.06.22"]
[SourceQuality "1"]

1. e4 c6 2. Nf3 d5 3. Nc3 Bg4 4. h3 Bxf3 5. Qxf3 Nf6 6. d3 e6 7. Bd2 Bb4 8. e5 Nfd7 9. Qg4 Bf8 10. f4 c5 11. 0-0-0 Nc6 12. Ne2 Qc7 13. h4 0-0-0 14. h5 Nb6 15. Kb1 Kb8 16. Be1 Rg8 17. Ng1 Nd4 18. Nf3 Nf5 19. Bd2 Be7 20. Qh3 Na4 21. b3 Nb6 22. c3 c4 23. g4 Nh6 24. Nd4 cxb3 25. axb3 Bc5 26. Nc2 Rc8 27. d4 Be7 28. Bd3 Rh8 29. g5 Ng8 30. f5 Qd7 31. h6 gxh6 32. f6 Bf8 33. gxh6 Nxh6 34. Bxh6 Rxc3 35. Kb2 Rc8 36. Bxf8 Rcxf8 37. Na3 a6 38. Rhg1 h6 39. Qe3 Rc8 40. Rc1 Rcf8 41. Qd2 Nc8 42. Qb4 Ka8 43. Qc5 Na7 44. Qc7 Qxc7 45. Rxc7 Kb8 46. Rcc1 h5 47. Rh1 h4 48. Rcg1 Nc6 49. Nc2 Kc7 50. Rg4 h3 51. Rg3 h2 52. Rg2 Rh3 53. Kc3 Rfh8 54. Kd2 R3h4 55. b4 Kd8 56. Kc3 Ke8 57. b5 axb5 58. Bxb5 R8h7 59. Bxc6+ bxc6 60. Kb4 Kd7 61. Rg7 Rxg7 62. fxg7 Rg4 63. Rxh2 Rxg7 64. Rf2 Ke7 65. Kc5 Rg6 66. Kxc6 f6 67. exf6+ Rxf6 68. Rxf6 Kxf6 69. Kd6 Kf5 70. Nb4 Ke4 71. Nc6 Kf5 72. Nd8 e5 73. dxe5 d4 74. Nc6 d3 75. Nd4+ Ke4 76. Nb3 1-0